00642cam a22002051a 45000010005000000030008000050050017000130080039000300350018000690350019000870400052001060410008001580820022001661000027001882450065002152600042002803000026003225040051003486500037003994778BD-RjUL20211208233944.0131223s1959 enk 001 0 eng a(BD-RjUL)4813 a(OCoLC)1302774 aDLCcOClWdOCoLCdMoSU-LdUkdDLCdBD-RjULbeng aeng a340.069bROA 19591 aRobson, Robert,d1929-14aThe attorney in eighteenth-century England /cRobert Robson. aCambridge :bUniversity Press,c1959. axii, 182 p. ;c22 cm. aIncludes bibliographical references and index. 0aLawyerszGreat BritainxHistory.